The organs of Soviet administration of justice : their history and operation /

সংরক্ষণ করুন:
গ্রন্থ-পঞ্জীর বিবরন
প্রধান লেখক: Kucherov, Samuel
বিন্যাস: গ্রন্থ
ভাষা:English
প্রকাশিত: Leiden : E.J. Brill, 1970.
মালা:Studien zur Geschichte Osteuropas ; 13
বিষয়গুলি:
LEADER 00905nam a2200229 i 4500
001 c000247924
003 CARM
005 00000000000000.0
008 840311s1970 ne 0 eng d
019 1 |a 3966924  |5 LACONCORD2021 
035 |a (OCoLC)298930  |5 LACONCORD2021 
082 0 4 |a 347.9947 
100 1 |a Kucherov, Samuel. 
245 1 4 |a The organs of Soviet administration of justice :  |b their history and operation /  |c With a foreword by John N. Hazard. 
260 |a Leiden :  |b E.J. Brill,  |c 1970. 
300 |a 754 p. 
440 0 |a Studien zur Geschichte Osteuropas ;  |v 13 
500 |a Bibliography: p.[717]-745. 
650 0 |a Justice, Administration of  |z Soviet Union. 
852 8 |b CARM  |h A1:AQ11A0  |i C08999  |p 0365070  |f BK 
999 f f |i a74c8df2-d13e-56a5-bfa1-d07886242dd8  |s 9e4dd8ec-d0fd-55f4-8322-6c8943affa0b 
952 f f |p Can circulate  |a CAVAL  |b CAVAL  |c CAVAL  |d CARM 1 Store  |e C08999  |f A1:AQ11A0  |h Other scheme  |i book  |m 0365070